000 01310cam a22003497i 4500
001 18593045
003 PILC
005 20160525142751.0
008 150427s2016 maua 001 0 eng d
010 _a 2015297024
020 _a9781284059274 (pbk.)
020 _a1284059278 (pbk.)
035 _a(OCoLC)ocn900621016
040 _aSINAP
_beng
_cSINAP
_erda
_dYDXCP
_dOCLCO
_dBTCTA
_dDLC
042 _alccopycat
050 0 0 _aTK 5105.78
_b.D64 2016
082 0 4 _a005.8
100 1 _aDoherty, Jim,
_d1968-
245 1 0 _aWireless and mobile device security /
_cJim Doherty.
260 _aMA :
_bJones& Bartlett,
_c2016.
300 _axx, 392 pages :
_billustrations ;
_c24 cm.
490 1 _aJones & Bartlett Learning information systems security & assurance series
500 _aIncludes bibliographical references and index.
650 0 _aWireless communication systems
_xSecurity measures.
650 0 _aMobile communication systems
_xSecurity measures.
650 0 _aWireless LANs
_xSecurity measures.
650 0 _aMobile computing
_xSecurity measures.
830 0 _aJones & Bartlett Learning information systems security & assurance series.
906 _a7
_bcbc
_ccopycat
_d2
_encip
_f20
_gy-gencatlg
942 _2lcc
_cBK
999 _c294984
_d294984